Nét độc đáo của Lễ hội chùa Ông
Đã lưu trong:
| 主要作者: | |
|---|---|
| 格式: | 圖書 |
| 語言: | Undetermined |
| 主題: | |
| 在線閱讀: | http://lrc.tdmu.edu.vn/opac/search/detail.asp?aID=2&ID=22927 |
| 標簽: |
添加標簽
沒有標簽, 成為第一個標記此記錄!
|
| Thư viện lưu trữ: | Trung tâm Học liệu Trường Đại học Thủ Dầu Một |
|---|
| LEADER | 00587nam a2200145Ia 4500 | ||
|---|---|---|---|
| 001 | TDMU_22927 | ||
| 008 | 210410s9999 xx 000 0 und d | ||
| 082 | |a 394.26 | ||
| 100 | |a Hoàng Thành | ||
| 245 | 0 | |a Nét độc đáo của Lễ hội chùa Ông | |
| 245 | 0 | |c Hoàng Thành | |
| 300 | |a 2tr | ||
| 650 | |a Lễ hội chùa Ông; Thất phủ Cổ miếu; Xã Hiệp Hòa (Biên Hòa); Văn hóa & Du lịch | ||
| 856 | |u http://lrc.tdmu.edu.vn/opac/search/detail.asp?aID=2&ID=22927 | ||
| 980 | |a Trung tâm Học liệu Trường Đại học Thủ Dầu Một | ||